1064 1295 1500 1918 1805 1566 1391 1118 1034 1653 1665 1083 1710 1916 1846 1285 1586 1991 1189 1974 1444 1622 1571 1996 1216 1678 1203 1523 1777 1959 1500 1533 1824 1172 1430 1006 1685 1710 1368 1862 1353 1466 1300 1469 1428 1700 1672 1014 1755 1508 1332 1058 1142 1271 1473 1096 1673 1383 1552 1049 1280 1909 1981 1447 1109 1920 1470 1457 1747 1124 1862 1046 1783 1507 1282 1315 1305 1515 1146 1021 1919 1696 1920 1001 1882 1885 1345 1277 1361 1464 1341 1207 1002 1933 1685 1405 1896 1993 1254 BCNSPRNW ULIB Ver.6.0+V

เปลี่ยนเป็นภาษาไทย

Change to English
 แสดงรายละเอียดบรรณานุกรม
  กลับหน้าหลัก

Brief Record : Get Marc (ISO 2709) : E-mail record : QR code < ปิดหน้าต่าง
LEADER : 00000nam 2200000uu 4500
001    13399112696
003     ULIB
008    110404s2545||||th 000 0 tha d
020    9746344156
060 04 WB205^bจ682ก 2545
245 00 การสัมภาษณ์ประวัติและตรวจร่างกาย(2545) /^cบรรณาธิการ, วิทยา ศรีดามา
250    พิมพ์ครั้งที่ 10
260    กรุงเทพฯ :^bโครงการตำราจุฬาอายุรศาสตร์ ภาควิชาอายุรศาสตร์คณะแพทยศาสตร์ จุฬาลงกรณ์มหาวิทยาลัย,^c2545
300    [7], 379, xi หน้า :^bภาพประกอบ ;^c26 ซม
440  0 โครงการตำราจุฬาอายุรศาสตร์ ;^vฉบับที่ 10
504    บรรณานุกรม
650  7 การตรวจร่างกาย
650  7 การซักประวัติผู้ป่วย
650  7 การวินิจฉัยโรค
700 0  วิทยา ศรีดามา,^eบรรณาธิการ
710 2  จุฬาลงกรณ์มหาวิทยาลัย. ^bภาควิชาอายุรศาสตร์
945    ^p0^l0^i016118
945    ^p0^l0^i016119
995    ทศพร
999 ^a ใช้งานได้ทุกระบบ
รายการนี้ยังไม่มีแท็ก
คุณยังไม่ได้ล็อกอิน คุณสามารถมีกิจกรรมร่วมกับเว็บไซต์ได้ แต่ต้องล็อกอินก่อน ::
  ล็อกอิน

รายการสื่อสารสนเทศ

ลำดับที่ ประเภท เลขเรียก/บาร์โค้ด สถานที่ สถานะ
- ไม่พบข้อมูล -

รายการใกล้เคียง
    หัวเรื่อง [การตรวจร่างกาย]
    หัวเรื่อง [การซักประวัติผู้ป่วย]
    หัวเรื่อง [การวินิจฉัยโรค]

BibComment


ยังไม่เคยถูกคอมเมนท์

คอมเมนท์ทรัพยากรรายการนี้
  คอมเมนท์: การสัมภาษณ์ประวัต..


 Copyright 2026. Bcnsprnw @Library